<?xml version="1.0" encoding="UTF-8"?>
<record
    xmlns:xsi="http://www.w3.org/2001/XMLSchema-instance"
    xsi:schemaLocation="http://www.loc.gov/MARC21/slim http://www.loc.gov/standards/marcxml/schema/MARC21slim.xsd"
    xmlns="http://www.loc.gov/MARC21/slim">

  <leader>01768nam a2200277 i 4500</leader>
  <controlfield tag="001">000045473</controlfield>
  <controlfield tag="003">DO-SdBNP</controlfield>
  <controlfield tag="005">20251112100026.0</controlfield>
  <controlfield tag="007">ta</controlfield>
  <controlfield tag="008">150407s1994    dr      r     000 0 spa d</controlfield>
  <datafield tag="040" ind1=" " ind2=" ">
    <subfield code="a">DO-SdBNP</subfield>
    <subfield code="b">spa</subfield>
    <subfield code="c">BNPHU</subfield>
    <subfield code="e">rda</subfield>
  </datafield>
  <datafield tag="082" ind1=" " ind2=" ">
    <subfield code="a">xxxx</subfield>
    <subfield code="b">V434f</subfield>
    <subfield code="2">22</subfield>
  </datafield>
  <datafield tag="100" ind1="1" ind2=" ">
    <subfield code="a">Vel&#xE1;zquez Mainardi, M. A.</subfield>
    <subfield code="9">17435</subfield>
  </datafield>
  <datafield tag="245" ind1="1" ind2="3">
    <subfield code="a">El fraude del fraude :</subfield>
    <subfield code="b">una conjura internacional /</subfield>
    <subfield code="c">M. A. Vel&#xE1;zquez Mainardi ; pr&#xF3;logo Pedro Manuel Casals Victoria.</subfield>
  </datafield>
  <datafield tag="264" ind1=" " ind2=" ">
    <subfield code="a">Santo Domingo :</subfield>
    <subfield code="b">Editora Tele-3,</subfield>
    <subfield code="c">1994.</subfield>
  </datafield>
  <datafield tag="300" ind1=" " ind2=" ">
    <subfield code="a">258 p&#xE1;ginas ;</subfield>
    <subfield code="c">21 cm.</subfield>
  </datafield>
  <datafield tag="336" ind1=" " ind2=" ">
    <subfield code="a">rdacontent</subfield>
    <subfield code="b">texto</subfield>
    <subfield code="2">txt</subfield>
  </datafield>
  <datafield tag="337" ind1=" " ind2=" ">
    <subfield code="a">rdamedia</subfield>
    <subfield code="b">sin mediaci&#xF3;n</subfield>
    <subfield code="2">n</subfield>
  </datafield>
  <datafield tag="338" ind1=" " ind2=" ">
    <subfield code="a">rdacarrier</subfield>
    <subfield code="b">volumen</subfield>
    <subfield code="2">nc</subfield>
  </datafield>
  <datafield tag="500" ind1=" " ind2=" ">
    <subfield code="a">Incluye datos biogr&#xE1;ficos del autor en las solapas.</subfield>
  </datafield>
  <datafield tag="505" ind1="0" ind2=" ">
    <subfield code="t">El apoyo de Estados Unidos --</subfield>
    <subfield code="t">Las sospechas</subfield>
    <subfield code="t">La sorpresa del rev&#xE9;s electoral --</subfield>
    <subfield code="t">El fraude colosal</subfield>
    <subfield code="t">Observadores e interventores --</subfield>
    <subfield code="t">La causa eficiente de la crisis --</subfield>
    <subfield code="t">Los perfiles de la sedici&#xF3;n El voto negativo 67|La conciencia c&#xED;vica 73|</subfield>
    <subfield code="t">El voto negativo --</subfield>
    <subfield code="t">La conciencia c&#xED;vica --</subfield>
    <subfield code="t">El riesgo de una intervenci&#xF3;n militar --</subfield>
    <subfield code="t">El problema haitiano --</subfield>
    <subfield code="t">Locuacidad traicionera --</subfield>
    <subfield code="t">Arbitros prejuiciados --</subfield>
    <subfield code="t">El plan de la desnacionalizaci&#xF3;n --</subfield>
    <subfield code="t">Las investigaciones sobre el fraude --</subfield>
    <subfield code="t">La institucionalidad no es negociable --</subfield>
    <subfield code="t">El colch&#xF3;n contra el fraude --</subfield>
    <subfield code="t">El plan Burguiba --</subfield>
    <subfield code="t">Nuevas elecciones --</subfield>
    <subfield code="t">EL habitat natural de la di&#xE1;spora haitiana --</subfield>
    <subfield code="t">Ultrajes al pa&#xED;s --</subfield>
    <subfield code="t">Delirante insistencia --</subfield>
    <subfield code="t">El pacto por la democracia --</subfield>
    <subfield code="t">Derivaciones inconstitucionales --</subfield>
    <subfield code="t">Narco-financiaci&#xF3;n electoral --</subfield>
    <subfield code="t">Una democracia corrupta --</subfield>
    <subfield code="t">El nuevo orden electoral --</subfield>
  </datafield>
  <datafield tag="590" ind1=" " ind2=" ">
    <subfield code="a">Inventariado, 2025/DG</subfield>
  </datafield>
  <datafield tag="700" ind1="1" ind2="2">
    <subfield code="a">Casals Victoria, Pedro Manuel,</subfield>
    <subfield code="e">pr&#xF3;logo</subfield>
    <subfield code="9">7723</subfield>
  </datafield>
  <datafield tag="910" ind1=" " ind2=" ">
    <subfield code="a">DG</subfield>
  </datafield>
  <datafield tag="942" ind1=" " ind2=" ">
    <subfield code="2">ddc</subfield>
    <subfield code="c">LBS1</subfield>
  </datafield>
  <datafield tag="952" ind1=" " ind2=" ">
    <subfield code="0">0</subfield>
    <subfield code="1">0</subfield>
    <subfield code="2">ddc</subfield>
    <subfield code="5">1</subfield>
    <subfield code="7">0</subfield>
    <subfield code="8">PD</subfield>
    <subfield code="a">BNPHU</subfield>
    <subfield code="b">BNPHU</subfield>
    <subfield code="c">HD</subfield>
    <subfield code="d">2015-04-07</subfield>
    <subfield code="l">0</subfield>
    <subfield code="o">BNPHU PD V434f</subfield>
    <subfield code="p">45473-10</subfield>
    <subfield code="r">2020-06-25</subfield>
    <subfield code="w">2020-06-25</subfield>
    <subfield code="y">LBS1</subfield>
    <subfield code="Z">No se presta</subfield>
  </datafield>
  <datafield tag="952" ind1=" " ind2=" ">
    <subfield code="0">0</subfield>
    <subfield code="1">0</subfield>
    <subfield code="2">ddc</subfield>
    <subfield code="5">1</subfield>
    <subfield code="7">0</subfield>
    <subfield code="8">PD</subfield>
    <subfield code="a">BNPHU</subfield>
    <subfield code="b">BNPHU</subfield>
    <subfield code="c">HD</subfield>
    <subfield code="d">2019-05-28</subfield>
    <subfield code="l">0</subfield>
    <subfield code="o">BNPHU PD V434f</subfield>
    <subfield code="p">45473-20</subfield>
    <subfield code="r">2020-06-25</subfield>
    <subfield code="t">e. 2</subfield>
    <subfield code="w">2020-06-25</subfield>
    <subfield code="y">LBS1</subfield>
    <subfield code="z">Perteneci&#xF3; a la biblioteca personal de Maritza Baez.</subfield>
    <subfield code="Z">No se presta</subfield>
  </datafield>
  <datafield tag="952" ind1=" " ind2=" ">
    <subfield code="0">0</subfield>
    <subfield code="1">0</subfield>
    <subfield code="2">ddc</subfield>
    <subfield code="5">6</subfield>
    <subfield code="7">0</subfield>
    <subfield code="8">DS</subfield>
    <subfield code="a">BNPHU</subfield>
    <subfield code="b">BNPHU</subfield>
    <subfield code="c">CT</subfield>
    <subfield code="d">2025-11-12</subfield>
    <subfield code="e">donaci&#xF3;n</subfield>
    <subfield code="l">0</subfield>
    <subfield code="o">BNPHU DS V434f</subfield>
    <subfield code="p">2025-12981</subfield>
    <subfield code="r">2025-11-12</subfield>
    <subfield code="t">e.3</subfield>
    <subfield code="w">2025-11-12</subfield>
    <subfield code="y">LBS1</subfield>
    <subfield code="z">CERTEV</subfield>
  </datafield>
  <datafield tag="999" ind1=" " ind2=" ">
    <subfield code="c">44962</subfield>
    <subfield code="d">44962</subfield>
  </datafield>
</record>
